000 02169cam a2200133 4500500
005 20260322000045.0
041 _afre
042 _adc
100 1 0 _aFerron, Benjamin
_eauthor
245 0 0 _aLa communication des mouvements sociaux : Pratiques militantes et stratégies médiatiques
260 _bArmand Colin,
_c2024.
520 _aComment des personnes mobilisées autour de la défense d’une cause – amélioration des conditions de travail, anti-racisme, défense de l’écologie, féminisme – peuvent-elles donner une large publicité à leurs revendications ? Comment transformer ces revendications en «débats de société» ? Doivent-elles jouer le jeu des médias ou chercher à les contourner en créant leurs propres moyens d’information ?Pour répondre à ces questions, ce manuel propose une synthèse des recherches sur la médiatisation des mouvements sociaux et les stratégies d’information et de communication des organisations protestataires. Ces stratégies renvoient à l’ensemble des pratiques journalistiques, militantes et citoyennes qui contribuent à donner sens, publiciser et politiser les activités et revendications de groupes d’intérêt tels que les partis d’opposition, les syndicats de travailleurs, les associations et ONG, les collectifs militants informels ou les réseaux d’activistes. Qu’il s’agisse de mobiliser le corps et les émotions des militants, de prendre la parole en public, de faire un usage stratégique de dispositifs d’information, de produire un discours collectif, d’accéder aux médias de grande diffusion et d’en séduire les journalistes, ou de créer des réseaux d’information et de communication indépendants en ligne, le répertoire de communication des mouvements sociaux inclut des moyens diversifiés.Un livre indispensable pour comprendre les nouvelles pratiques militantes qui contribuent à politiser les discours sur les médias et le journalisme et à reconfigurer les règles du jeu politique.
856 4 1 _uhttps://shs.cairn.info/la-communication-des-mouvements-sociaux--9782200635862?lang=fr&redirect-ssocas=7080
999 _c1702812
_d1702812